Tiến trình lịch sử Đảng Cộng sản Việt Nam (1930 - 2016)
Khái quát tiến trình lịch sử đấu tranh cách mạng và vai trò lãnh đạo của Đảng Cộng sản Việt Nam qua các thời kì: Lãnh đạo đấu tranh giành chính quyền (1930-1945); xây dựng chế độ dân chủ nhân dân và kháng chiến chống thực dân Pháp (1945-1954);...
Guardat en:
| Autor principal: | |
|---|---|
| Format: | Llibre |
| Idioma: | Undetermined |
| Publicat: |
H.
Thông tin và Truyền thông
2016
|
| Matèries: | |
| Accés en línia: | http://lrc.tdmu.edu.vn/opac/search/detail.asp?aID=2&ID=29084 |
| Etiquetes: |
Afegir etiqueta
Sense etiquetes, Sigues el primer a etiquetar aquest registre!
|
| Thư viện lưu trữ: | Trung tâm Học liệu Trường Đại học Thủ Dầu Một |
|---|
| LEADER | 01728nam a2200205Ia 4500 | ||
|---|---|---|---|
| 001 | TDMU_29084 | ||
| 008 | 210410s9999 xx 000 0 und d | ||
| 082 | |a 547 | ||
| 090 | |b NG450 | ||
| 100 | |a Ngô, Đăng Tri | ||
| 245 | 0 | |a Tiến trình lịch sử Đảng Cộng sản Việt Nam (1930 - 2016) | |
| 245 | 0 | |c Ngô Đăng Tri | |
| 260 | |a H. | ||
| 260 | |b Thông tin và Truyền thông | ||
| 260 | |c 2016 | ||
| 300 | |a 485tr. | ||
| 520 | |a Khái quát tiến trình lịch sử đấu tranh cách mạng và vai trò lãnh đạo của Đảng Cộng sản Việt Nam qua các thời kì: Lãnh đạo đấu tranh giành chính quyền (1930-1945); xây dựng chế độ dân chủ nhân dân và kháng chiến chống thực dân Pháp (1945-1954); xây dựng chủ nghĩa xã hội ở miền Bắc và kháng chiến chống Mỹ cứu nước (1954-1975); xây dựng và bảo vệ Tổ quốc trong thời kì đầu cả nước đi lên chủ nghĩa xã hội (1975-1986); lãnh đạo công cuộc đổi mới đưa đất nước ra khỏi khủng hoảng kinh tế (1986-1996); lãnh đạo đẩy mạnh sự nghiệp công nghiệp hoá, hiện đại hoá đất nước và hội nhập quốc tế (1996-2016) cùng những bài học kinh nghiệm qua những chặng đường lịch sử | ||
| 650 | |a Đảng Cộng sản Việt Nam |x Lịch sử |y 1930-2016 |z Việt Nam | ||
| 856 | |u http://lrc.tdmu.edu.vn/opac/search/detail.asp?aID=2&ID=29084 | ||
| 980 | |a Trung tâm Học liệu Trường Đại học Thủ Dầu Một | ||